00707nam a2200229 a 4500001001300000003000900013005001700022008004100039020002300080082001800103100002000121245002400141260004000165300000900205500003500214505004500249650002000294902000800314942000700322952013100329999001700460nice12345678IN_TiNIC20260116014018.0050524s2004 dela grp 000 0 eng  a0195665 c59500a294.609bSIN3 aSingh, Pashaura aSikhism and History aDelhibOxford and IBH PUB CO.c2004 a280p aincludes index and biblioraphy2 aBio-Bibliographical Notes on Contributor aSikhism-History bSRS cBK 001040708StackRoom-aHMIbHMId2007-07-26g595.00l2o294.609 SIN3p020772r2018-09-03s2018-08-28v595.00w2005-05-24yBK c13498d13498